[Event "AUTO-INT-3111"]
[Site "http://www.queenalice.com/game.php?id=1411700"]
[Date "2016.3.2"]
[Round "1"]
[White "shimrah"]
[Black "rocha"]
[Result "0-1"]
[WhiteElo "1338"]
[BlackElo "1744"]

1. e4 e6 2. Nc3 c6 3. d4 Bd6 4. Nge2 Na6 5. Bf4 Bxf4 6. Nxf4 g6 7. d5 Qe7 8. Qd4
Nf6 9. Bc4 e5 10. Qe3 exf4 11. Qxf4 d6 12. O-O-O Bd7 13. Rhe1 c5 0-1

[Event "AUTO-INT-3111"]
[Site "http://www.queenalice.com/game.php?id=1411701"]
[Date "2016.3.2"]
[Round "1"]
[White "rocha"]
[Black "shimrah"]
[Result "1-0"]
[WhiteElo "1746"]
[BlackElo "1336"]

1. d4 d5 2. Nd2 Nc6 3. c3 Bd7 4. Qb3 b6 5. e3 Nf6 6. f3 e5 7. Ne2 Bd6 8. a3 e4
9. h3 Na5 10. Qa2 Qe7 11. b4 Nc4 12. Nxc4 dxc4 13. Qxc4 b5 14. Qb3 1-0

[Event "OS INCLIVEIS"]
[Site "http://www.queenalice.com/game.php?id=1418101"]
[Date "2016.4.13"]
[Round "-"]
[White "adelio"]
[Black "shimrah"]
[Result "1-0"]
[WhiteElo "1814"]
[BlackElo "1345"]

1. d4 d5 2. e4 Nf6 3. e5 Ne4 4. f3 Nf2 5. Kxf2 f5 6. exf6 gxf6 7. Bd3 e5 8. Qe2
Nc6 9. h4 Nxd4 10. Qe3 c5 11. g4 Bd6 12. Nc3 f5 13. gxf5 Nxf5 14. Bxf5 Bxf5 15.
Nxd5 1-0

[Event "OS INCLIVEIS"]
[Site "http://www.queenalice.com/game.php?id=1418102"]
[Date "2016.4.13"]
[Round "-"]
[White "shimrah"]
[Black "adelio"]
[Result "0-1"]
[WhiteElo "1343"]
[BlackElo "1823"]

1. e4 a6 2. Nc3 c5 3. a3 e5 4. Nf3 d6 5. Nd5 Be6 6. c4 Bxd5 7. cxd5 Be7 8. b4 h5
9. d4 h4 10. dxc5 g5 11. Bb2 Nh6 12. b5 g4 13. cxd6 Bxd6 0-1

[Event "The Shims Do Chess"]
[Site "http://www.queenalice.com/game.php?id=1596304"]
[Date "2020.1.14"]
[Round "-"]
[White "shimella"]
[Black "shimrah"]
[Result "1-0"]
[WhiteElo "1173"]
[BlackElo "1346"]

1. e4 e5 2. Nc3 c6 3. Nf3 f6 4. Bc4 d5 5. d4 dxc4 6. O-O Bd6 7. a3 c5 8. dxc5
Bxc5 9. Qxd8+ Kxd8 10. Rd1+ Bd7 11. b4 cxb3 12. cxb3 Nh6 13. Rd5 b6 14. b4 Be7
15. Be3 Nc6 16. Rad1 Nb8 17. Bc5 bxc5 18. bxc5 Nc6 19. Rxd7+ Ke8 20. Rc7 Kf7 21.
Rxc6 Rhd8 22. Rb1 Ng4 23. Rc7 Rac8 24. Rbb7 Rxc7 25. Rxc7 Kg6 26. Rxe7 Rd3 27.
h3 Rxc3 28. hxg4 Rc1+ 29. Kh2 h5 30. Nh4+ Kg5 31. Kh3 Rh1+ 32. Kg3 Rd1 33. Rxg7+
Kh6 34. Rg6+ Kh7 35. Rxf6 Rd3+ 36. f3 Rxa3 37. gxh5 Kg7 38. Rg6+ Kf7 39. h6 Rb3
40. Rg7+ Ke6 41. Rxa7 Kf6 42. Ra6+ Kg5 43. Nf5 Rb5 44. h7 Rb8 45. c6 Rc8 46. Ra7
Kf6 47. Ne7 Rh8 48. Nd5+ Kg6 49. Re7 Rxh7 50. Rxe5 Rg7 51. f4 Kf7+ 52. Kf3 Kg6
53. f5+ Kf7 54. c7 Rg8 55. Re7+ Kf8 56. c8=Q# 1-0

[Event "Afoot"]
[Site "http://www.queenalice.com/game.php?id=1597587"]
[Date "2020.1.27"]
[Round "-"]
[White "shimrah"]
[Black "brooknewton"]
[Result "1-0"]
[WhiteElo "1326"]
[BlackElo "1438"]

1. d4 d5 2. Bf4 f6 3. Nf3 g5 4. Bg3 h5 5. h4 g4 6. Nfd2 Nc6 7. e4 Nxd4 8. c3 Nb5
9. Bxb5+ c6 10. Be2 Nh6 11. Na3 dxe4 12. Nxe4 b6 13. Qxd8+ Kxd8 14. O-O-O+ Ke8
15. Rd2 Nf5 16. Bf4 e5 17. Nxf6+ Ke7 18. Bg5 Bh6 19. Nd5+ Kf8 20. Nc7 Rb8 21.
Rd8+ Kg7 22. Ne8+ Kf7 23. Bc4+ Kg6 24. Rhd1 Nxh4 25. Bxh6 Kxh6 26. R1d6+ Ng6 27.
Bf7 Be6 28. Rxb8 Bxf7 29. Rb7 Bxe8 30. Nc4 Rh7 31. Rb8 Rd7 32. Re6 Bf7 33. Rxc6
Kg7 34. f4 Nxf4 35. Nxe5 Ne2+ 36. Kb1 Re7 37. Nxf7 Rxf7 38. Rcc8 Kf6 39. Rf8 h4
40. Rbe8 Nf4 41. Rxf7+ Kxf7 42. Re4 Nxg2 43. Rxg4 Kf6 44. Rxg2 Kf5 45. Rg7 Kf4
46. Rxa7 h3 47. Rb7 h2 48. Rh7 Kg3 49. Rxh2 Kxh2 50. Kc2 Kg3 51. Kd3 Kf4 52. Kd4
Kf5 53. Kd5 Kf6 54. Kc6 Ke6 55. b4 Ke5 56. Kxb6 Kd5 57. Kb5 Kd6 58. a4 Kd5 59.
c4+ Kd6 60. c5+ Kd5 61. a5 Ke6 62. Kb6 Kd5 63. b5 Ke6 64. c6 Kd6 65. Kb7 Kc5 66.
b6 Kd6 67. a6 Kc5 68. c7 Kd4 69. a7 Ke3 70. c8=R Ke4 71. a8=R Ke5 72. Ra1 Ke6
73. Rd1 Ke7 74. Kc6 Kf7 75. Re8 Kxe8 76. Kc7 Ke7 77. Re1+ Kf6 78. b7 Kf5 79.
b8=R Kf4 80. Rf8+ Kg3 81. Re7 Kg4 82. Rg7+ Kh5 83. Rh8# 1-0

[Event "Site's Suggest Opponents"]
[Site "http://www.queenalice.com/game.php?id=1598912"]
[Date "2020.2.9"]
[Round "-"]
[White "BobFish"]
[Black "shimrah"]
[Result "1-0"]
[WhiteElo "1674"]
[BlackElo "1341"]

1. e4 e5 2. Nf3 Nc6 3. Nc3 Nf6 4. h4 Bc5 5. Nxe5 Nxe5 6. d4 Neg4 7. dxc5 Qe7 8.
f3 Ne5 9. Bg5 d6 10. Nd5 Qd7 11. Bxf6 c6 12. Bxg7 Rg8 13. Nf6+ Ke7 14. Nxd7 Bxd7
15. Qxd6+ Kd8 16. Bf6+ Kc8 17. Bxe5 Re8 18. Qc7# 1-0

[Event "Challenge"]
[Site "http://www.queenalice.com/game.php?id=1604145"]
[Date "2020.3.25"]
[Round "-"]
[White "JSFraga_RS"]
[Black "shimrah"]
[Result "1-0"]
[WhiteElo "1442"]
[BlackElo "1338"]

1. e4 e5 2. g3 c6 3. Nf3 Nf6 4. b3 d5 5. Nxe5 Qe7 6. Bb2 Nbd7 7. Bh3 Qxe5 8.
Bxe5 Nxe5 9. d4 Bxh3 10. dxe5 Nxe4 11. Qe2 Bb4+ 12. c3 Nxc3 13. Nxc3 Bxc3+ 14.
Kd1 Bxa1 15. Re1 O-O-O 16. e6 fxe6 17. f3 d4 18. g4 d3 19. Qxe6+ Rd7 20. Kd2 h5
21. Rg1 Re8 22. Qxe8+ Rd8 23. Qxh5 Bd4 24. Re1 Bg2 25. Re7 Bxf3 26. Qf5+ Rd7 27.
Rxd7 Bf6 28. Rxg7+ 1-0

[Event "Challenge"]
[Site "http://www.queenalice.com/game.php?id=1614355"]
[Date "2020.5.29"]
[Round "-"]
[White "brooknewton"]
[Black "shimrah"]
[Result "1-0"]
[WhiteElo "1441"]
[BlackElo "1335"]

1. d4 d5 2. e3 f6 3. f4 e5 4. fxe5 fxe5 5. Qh5+ g6 6. Qxe5+ Ne7 7. Qxh8 h5 8. g4
Bxg4 9. h3 Bf5 10. Nf3 Qd6 11. Rg1 Nd7 12. Bd3 O-O-O 13. Qh7 Nf6 14. Bxf5+ Nxf5
15. Qxg6 Qe6 16. Ne5 Ne7 17. Qf7 Qd6 18. Rf1 Ne4 19. Nc3 Ng5 20. Qxh5 Qe6 21.
Qxg5 Qxh3 22. Rxf8 Qh1+ 23. Kd2 Rxf8 24. Qxe7 Rf2+ 25. Ne2 b6 26. Qe8+ Kb7 27.
Qc6+ Ka6 28. a4 Qf1 29. Qb5+ Kb7 30. Qc6+ Kc8 31. Qa8# 1-0

[Event "Challenge!"]
[Site "http://www.queenalice.com/game.php?id=1618166"]
[Date "2020.6.26"]
[Round "-"]
[White "shimrah"]
[Black "shimella"]
[Result "1-0"]
[WhiteElo "1323"]
[BlackElo "1220"]

1. Nf3 f6 2. d4 d5 3. e3 Bg4 4. c4 e6 5. Nc3 e5 6. c5 exd4 7. exd4 Qe7+ 8. Be2
f5 9. Nxd5 Qd8 10. Ne5 Qxd5 11. Qa4+ c6 12. Nxg4 fxg4 13. O-O b5 14. Bxb5 cxb5
15. Qxb5+ Kf7 16. Be3 a6 17. Qb6 Nd7 18. Qc7 g3 19. fxg3+ Nf6 20. Rf2 Kg8 21.
Raf1 Re8 22. Rf5 Qc4 23. c6 Rxe3 24. Qd8 Qxd4 25. cxd7 Re2+ 26. R1f2 Qd1+ 27.
Rf1 g6 28. Rxd1 Rxb2 29. Qxf6 Bc5+ 30. Rxc5 Rxa2 31. d8=Q# 1-0

[Event "The Great Challenge"]
[Site "http://www.queenalice.com/game.php?id=1641880"]
[Date "2021.1.29"]
[Round "-"]
[White "shimrah"]
[Black "shimella"]
[Result "1-0"]
[WhiteElo "1323"]
[BlackElo "1169"]

1. d4 d5 2. e3 e6 3. c4 dxc4 4. Bxc4 a6 5. a4 Bb4+ 6. Bd2 a5 7. Nf3 Nc6 8. Qb3
f6 9. Nc3 e5 10. Bf7+ Kf8 11. Nd5 Qd7 12. Nxb4 axb4 13. Bxb4+ Nxb4 14. Qxb4+
Kxf7 15. O-O b6 16. dxe5 Ba6 17. Rfd1 Qc6 18. Nd4 Qb7 19. e6+ Ke8 20. Nf5 c5 21.
Nd6+ Ke7 22. Qg4 Qc6 23. Qxg7+ Kxe6 24. Qf7+ Ke5 25. f4# 1-0

[Event "Challenge"]
[Site "http://www.queenalice.com/game.php?id=1648382"]
[Date "2021.4.1"]
[Round "-"]
[White "shimrah"]
[Black "brooknewton"]
[Result "1-0"]
[WhiteElo "1336"]
[BlackElo "1463"]

1. d4 d5 2. e3 a6 3. c4 e6 4. Nf3 f6 5. c5 g5 6. Bd3 Nc6 7. Qa4 b5 8. Bxb5 Bb7
9. Bxc6+ Ke7 10. Bxb7 Ra7 11. Bxa6 Qd7 12. Qxd7+ Kxd7 13. Bd3 e5 14. dxe5 Bxc5
15. exf6 Nxf6 16. Nc3 c6 17. e4 Ng4 18. Nd1 dxe4 19. Bxe4 Re8 20. Nxg5 Bb4+ 21.
Bd2 c5 22. f3 h6 23. Nc3 hxg5 24. fxg4 Bxc3 25. O-O-O Rxe4 26. Bxc3+ Kc6 27.
Rhe1 Rxe1 28. Rxe1 Rxa2 29. Re6+ Kd5 30. Re5+ Kc4 31. Kc2 Ra1 32. b3+ Kb5 33.
Bxa1 Kb4 34. Rxg5 Kb5 35. Rf5 Kb4 36. g5 Kb5 37. g6 Kb4 38. g7 Kb5 39. g8=Q Kc6
40. Qd5+ Kb6 41. Qxc5+ Kb7 42. Qd6 Ka7 43. Rf7+ Ka8 44. Qd8# 1-0

[Event "You ever play roulette?"]
[Site "http://www.queenalice.com/game.php?id=1771585"]
[Date "2021.10.6"]
[Round "-"]
[White "shimella"]
[Black "shimrah"]
[Result "0-1"]
[WhiteElo "1153"]
[BlackElo "1357"]

1. e4 c6 2. d4 d5 3. f3 f5 4. Nc3 e5 5. f4 Nf6 6. fxe5 Nxe4 7. Nxe4 fxe4 8. g4
Qh4+ 9. Kd2 Bxg4 10. Be2 Qf2 11. c3 e3+ 12. Kc2 Qg2 13. Nf3 Be7 14. Rg1 Qh3 15.
Bxe3 O-O 16. Qd3 g6 17. Bf1 Bxf3 18. Bxh3 Be4 19. Qxe4 dxe4 20. Be6+ Kg7 21.
Raf1 Na6 22. Rf2 Rf3 23. Kd2 Raf8 24. Bg4 Rxf2+ 25. Bxf2 Rxf2+ 26. Be2 c5 27.
Ke1 Bh4 28. dxc5 Rg2+ 29. Kf1 Rf2+ 30. Ke1 Nxc5 31. b4 Nd3+ 32. Bxd3 exd3 33. e6
Rxh2+ 34. Kd1 Re2 35. Rh1 Bg5 36. Rh3 Re3 37. Rxe3 Bxe3 38. e7 Kf7 39. e8=Q+
Kxe8 40. c4 Bf4 41. c5 d2 42. b5 b6 43. c6 Kd8 44. a4 h5 45. Kc2 h4 46. Kd3 Kc7
47. Ke4 g5 48. Kf5 d1=Q 49. Kf6 g4 50. Kf5 Qf3 51. Kg6 h3 52. a5 h2 53. axb6+
axb6 54. Kf6 h1=Q 55. Kf7 Qe3 56. Kg6 Qh6+ 57. Kf7 Qee6# 0-1

[Event "Challenge"]
[Site "http://www.queenalice.com/game.php?id=1777686"]
[Date "2021.12.19"]
[Round "-"]
[White "shimrah"]
[Black "brooknewton"]
[Result "1-0"]
[WhiteElo "1379"]
[BlackElo "1414"]

1. Nc3 c6 2. e4 b5 3. d4 f6 4. Nf3 g5 5. Be3 h5 6. e5 h4 7. g4 Nh6 8. h3 a5 9.
d5 Bb7 10. exf6 exf6 11. Qe2 b4 12. Ne4 1-0

[Event "Challenge"]
[Site "http://www.queenalice.com/game.php?id=1780460"]
[Date "2022.1.15"]
[Round "-"]
[White "Antonella"]
[Black "shimrah"]
[Result "1/2-1/2"]
[WhiteElo "1335"]
[BlackElo "1365"]

1. d4 d5 2. e3 Nd7 3. Nc3 Ngf6 4. g4 e5 5. Nf3 Bd6 6. g5 Ne4 7. Nxe4 dxe4 8.
dxe5 Nxe5 9. Nxe5 Bxe5 10. f4 Qxd1+ 11. Kxd1 Bg4+ 12. Be2 O-O-O+ 13. Bd2 Bxe2+
14. Kxe2 Bxb2 15. Rab1 Ba3 16. Bb4 Bxb4 17. Rxb4 b6 18. h4 a5 19. Rd4 f5 20. a4
g6 21. c3 Rd6 22. Rxd6 cxd6 23. h5 gxh5 24. Rxh5 Kc7 25. g6 h6 26. Kd2 Rg8 27.
Rxh6 Kc6 28. Kc2 b5 29. c4 bxc4 30. Kd2 Kc5 31. Rh7 Rxg6 32. Rc7+ Kd5 33. Kc3
Rg3 34. Kd2 Rg2+ 35. Kc3 Re2 36. Rc5+ Kxc5 1/2-1/2

[Event "Challenge"]
[Site "http://www.queenalice.com/game.php?id=1785656"]
[Date "2022.3.25"]
[Round "-"]
[White "shimrah"]
[Black "shimella"]
[Result "1-0"]
[WhiteElo "1386"]
[BlackElo "1221"]

1. g3 e5 2. Bg2 c6 3. f4 f6 4. d4 Bb4+ 5. c3 Bd6 6. Na3 Nh6 7. Nf3 O-O 8. dxe5
fxe5 9. fxe5 Bc5 10. b4 Be7 11. O-O Qb6+ 12. Nd4 c5 13. Nc4 Qa6 14. Nb5 Qxb5 15.
Qd5+ Nf7 16. a4 Qc6 17. b5 Qxd5 18. Bxd5 d6 19. e6 Nc6 20. exf7+ Kh8 21. bxc6
bxc6 22. Bxc6 Rb8 23. Be8 Be6 24. Na5 Rc8 25. Nc6 Bf6 26. Nxa7 Rc7 27. Nc6 Bxc3
28. Ra3 Bf6 29. Bh6 Bd7 30. Re3 Bxe8 31. Rxe8 gxh6 32. Rxf8+ Kg7 33. Ne7 Rxe7
34. Rh8 Rxf7 35. Re8 Bd4+ 36. Kg2 h5 37. Rxf7+ Kxf7 38. Ra8 h4 39. gxh4 c4 40.
Kf3 Bf6 41. Rc8 d5 42. Rc5 Ke6 43. e4 Kd6 44. Rxd5+ Ke6 45. Rc5 c3 46. Kf4 Bd4
47. Rc4 Be5+ 48. Kg5 Bg7 49. Rc6+ Ke7 50. Rc7+ Kf8 51. Kf5 Bd4 52. e5 Ke8 53.
Ke6 Kd8 54. Rd7+ Kc8 55. Rxd4 c2 56. Rc4+ Kd8 57. Rxc2 Ke8 58. Rc8# 1-0

[Event "Challenge"]
[Site "http://www.queenalice.com/game.php?id=1789887"]
[Date "2022.5.31"]
[Round "-"]
[White "Leanne"]
[Black "shimrah"]
[Result "0-1"]
[WhiteElo "1328"]
[BlackElo "1364"]

1. e4 e5 2. Nc3 c6 3. d3 d5 4. exd5 cxd5 5. d4 Nd7 6. Be2 Ngf6 7. Nf3 Bd6 8.
dxe5 Nxe5 9. Nxd5 Nxd5 10. Qxd5 Bf5 11. Nxe5 Bb4+ 0-1

[Event "Challenge"]
[Site "http://www.queenalice.com/game.php?id=1789937"]
[Date "2022.5.31"]
[Round "-"]
[White "Antonella"]
[Black "shimrah"]
[Result "0-1"]
[WhiteElo "1342"]
[BlackElo "1395"]

1. e4 e5 2. Nf3 Nf6 3. Bc4 d5 4. Bxd5 Nxd5 5. Nxe5 Qe7 6. exd5 Qxe5+ 7. Qe2
Qxe2+ 8. Kxe2 Bd7 9. Nc3 c6 10. dxc6 Nxc6 11. d3 O-O-O 12. Bg5 Re8+ 13. Be3 Bc5
14. a3 Bg4+ 15. Kd2 Bxe3+ 16. Ke1 Bf4+ 17. Kf1 Nd4 18. h3 Be2+ 19. Nxe2 Rxe2 20.
c3 Rhe8 21. cxd4 Bd2 22. f4 Re1+ 23. Kf2 R1e2+ 24. Kf3 R2e3+ 25. Kf2 Rxd3 26. f5
Be3+ 27. Ke2 Rd2+ 28. Kf3 Bxd4 29. Rhe1 Re3+ 30. Kg4 Rxg2+ 31. Kf4 Rf2+ 32. Kg5
Bf6+ 33. Kh5 Rxh3+ 34. Kg4 Rh4+ 35. Kg3 Rhf4 36. Rac1+ Kd7 37. Rcd1+ Kc7 38.
Rc1+ Kd6 39. b4 Bh4+ 40. Kh3 R2f3+ 41. Kg2 Bxe1 42. Rxe1 Rxf5 43. Rd1+ Ke5 44.
Re1+ Kf4 45. Re2 Rg5+ 46. Kh2 Rfg3 47. Rf2+ Kg4 48. Kh1 Rh5+ 49. Rh2 Rxh2+ 50.
Kxh2 f5 51. a4 a6 52. Kh1 f4 53. a5 f3 54. Kh2 f2 55. Kh1 f1=Q+ 56. Kh2 Qg2# 0-1

[Event "Let's Play 579"]
[Site "http://www.queenalice.com/game.php?id=1792866"]
[Date "2022.7.23"]
[Round "-"]
[White "digger"]
[Black "shimrah"]
[Result "1-0"]
[WhiteElo "1556"]
[BlackElo "1396"]

1. Nf3 d5 2. d4 Nf6 3. Bf4 Bf5 4. Nc3 Nc6 5. e3 e6 6. Bb5 Bb4 7. Qd2 Ne4 8. Qe2
Nxc3 9. bxc3 Bxc3+ 10. Nd2 Bxa1 11. O-O a6 12. Bxc6+ bxc6 13. Nb3 Bc3 14. Rc1
Qe7 15. Nc5 g5 16. Be5 f6 17. Bg3 e5 18. dxe5 fxe5 19. Nd3 Qa3 20. Rd1 O-O 21.
Nxe5 Qxa2 22. Nxc6 Qxc2 23. Qxc2 Bxc2 24. Rc1 Rf6 25. Ne7+ Kf7 26. Nxd5 Rf5 27.
Nxc3 Bd3 28. Bxc7 Rc8 29. Nd1 Kg6 30. f3 Rd5 31. Rc6+ Kh5 32. g4+ Kh4 33. Bg3+
Kh3 34. Rh6# 1-0

[Event "Challenge"]
[Site "http://www.queenalice.com/game.php?id=1801746"]
[Date "2022.12.12"]
[Round "-"]
[White "shimella"]
[Black "shimrah"]
[Result "0-1"]
[WhiteElo "1212"]
[BlackElo "1409"]

1. e4 e5 2. Nf3 Nc6 3. d4 f6 4. Bc4 Nge7 5. O-O d5 6. Nc3 dxc4 7. b3 cxb3 8.
axb3 exd4 9. Nxd4 Nxd4 10. Be3 Nec6 11. Ra4 Bc5 12. Nd5 O-O 13. c3 Nxb3 14. Qxb3
a6 15. Bxc5 b5 16. Ra2 Re8 17. f3 Ne5 18. Ne3+ Be6 19. Nd5 f5 20. Qb1 c6 21. Rd2
cxd5 22. exd5 Bxd5 23. Qxf5 Qd7 24. Qf4 Rac8 25. Bb4 Bc4 26. Re1 Nd3 27. Rxe8+
Rxe8 28. Qh4 Qa7+ 29. Kf1 Ne1+ 30. Rd3 Bxd3# 0-1

[Event "Challenge"]
[Site "http://www.queenalice.com/game.php?id=1809335"]
[Date "2023.4.4"]
[Round "-"]
[White "shimrah"]
[Black "shimella"]
[Result "1-0"]
[WhiteElo "1417"]
[BlackElo "1204"]

1. e4 e5 2. Nf3 Nc6 3. d4 Bd6 4. Nc3 a6 5. dxe5 Nxe5 6. Nxe5 Bxe5 7. f4 Qh4+ 8.
g3 Qf6 9. fxe5 Qxe5 10. Bf4 Qa5 11. Qd4 Nf6 12. O-O-O b5 13. Qe5+ Kd8 14. Bh6
Re8 15. Qf5 Re6 16. Bxg7 Nxe4 17. Nxe4 Qxa2 18. Kd2 Bb7 19. Qxf7 Bxe4 20. Qf8+
Re8 21. Bf6+ Kc8 22. Qxe8+ Kb7 23. Qxe4+ Kb8 24. Bg2 Ra7 25. Qe8# 1-0